<?xml version="1.0" encoding="UTF-8"?><?xml-stylesheet type="text/xsl" href="static/style.xsl"?><OAI-PMH xmlns="http://www.openarchives.org/OAI/2.0/" xmlns:xsi="http://www.w3.org/2001/XMLSchema-instance" xsi:schemaLocation="http://www.openarchives.org/OAI/2.0/ http://www.openarchives.org/OAI/2.0/OAI-PMH.xsd"><responseDate>2026-04-19T09:11:03Z</responseDate><request verb="GetRecord" identifier="oai:riubu.ubu.es:10259/9129" metadataPrefix="marc">https://riubu.ubu.es/oai/request</request><GetRecord><record><header><identifier>oai:riubu.ubu.es:10259/9129</identifier><datestamp>2024-05-04T22:01:17Z</datestamp><setSpec>com_10259_2699</setSpec><setSpec>col_10259_2703</setSpec></header><metadata><record xmlns="http://www.loc.gov/MARC21/slim" xmlns:doc="http://www.lyncode.com/xoai" xmlns:xsi="http://www.w3.org/2001/XMLSchema-instance" xmlns:dcterms="http://purl.org/dc/terms/" xsi:schemaLocation="http://www.loc.gov/MARC21/slim http://www.loc.gov/standards/marcxml/schema/MARC21slim.xsd">
<leader>00925njm 22002777a 4500</leader>
<datafield tag="042" ind1=" " ind2=" ">
<subfield code="a">dc</subfield>
</datafield>
<datafield tag="720" ind1=" " ind2=" ">
<subfield code="a">Vuelta Calzada, María Esther</subfield>
<subfield code="e">author</subfield>
</datafield>
<datafield tag="260" ind1=" " ind2=" ">
<subfield code="c">2023</subfield>
</datafield>
<datafield tag="520" ind1=" " ind2=" ">
<subfield code="a">El envejecimiento poblacional es a la vez una oportunidad y un desafío para la sociedad actual. En este contexto, mediante la aplicación de un cuestionario previamente diseñado y validado a 198 pacientes y familiares que acudieron a la consulta externa de Geriatría, la investigación detecta y analiza la carencia de conocimientos previos sobre la especialidad médica de Geriatría, la Ley de Dependencia y también sobre el Documento de Instrucciones Previas y Ley para el apoyo a las personas con discapacidad. Los datos se triangularon con la revisión de la historia clínica electrónica de 350 pacientes que acudieron por primera vez a la consulta de Geriatría, aplicándose la versión 1 de los criterios STOPP/START al plan terapéutico conciliado de cada paciente. Entre los resultados destacan el bajo nivel educativo y la edad avanzada como factores predisponentes y el hallazgo de polifarmacia en un 67%, siendo los fármacos del aparato cardiovascular los de mayor consumo diario. Se evidencia que el incremento de la edad, un mayor deterioro funcional y la multimorbilidad favorecen el aumento del consumo de fármacos demostrándose prescripción u omisión potencialmente inadecuada en más de un tercio de los pacientes, siendo la más frecuente la referida al sistema cardiovascular. Cabe destacar el importante papel educativo de la consulta de Geriatría, revelándose como mediación pedagógica de alto impacto en pacientes y familiares.</subfield>
</datafield>
<datafield tag="024" ind2=" " ind1="8">
<subfield code="a">http://hdl.handle.net/10259/9129</subfield>
</datafield>
<datafield tag="024" ind2=" " ind1="8">
<subfield code="a">10.36443/10259/9129</subfield>
</datafield>
<datafield ind1=" " ind2=" " tag="653">
<subfield code="a">Educación a lo largo de la vida</subfield>
</datafield>
<datafield ind1=" " ind2=" " tag="653">
<subfield code="a">Consulta externa de Geriatría</subfield>
</datafield>
<datafield ind1=" " ind2=" " tag="653">
<subfield code="a">Conocimiento de la Geriatría</subfield>
</datafield>
<datafield ind1=" " ind2=" " tag="653">
<subfield code="a">Polifarmacia</subfield>
</datafield>
<datafield ind1=" " ind2=" " tag="653">
<subfield code="a">Prescripción inapropiada de fármacos</subfield>
</datafield>
<datafield ind1=" " ind2=" " tag="653">
<subfield code="a">Lifelong learning</subfield>
</datafield>
<datafield ind1=" " ind2=" " tag="653">
<subfield code="a">Geriatric outpatient clinic</subfield>
</datafield>
<datafield ind1=" " ind2=" " tag="653">
<subfield code="a">Knowledge of Geriatrics</subfield>
</datafield>
<datafield ind1=" " ind2=" " tag="653">
<subfield code="a">Polypharmacy</subfield>
</datafield>
<datafield ind1=" " ind2=" " tag="653">
<subfield code="a">Inappropriate prescription of drugs</subfield>
</datafield>
<datafield tag="245" ind1="0" ind2="0">
<subfield code="a">La consulta externa de geriatría del hospital Santiago Apóstol de Miranda de Ebro (Burgos), clave pedagógica para el envejecimiento saludable y manejo de la polifarmacia en personas mayores</subfield>
</datafield>
</record></metadata></record></GetRecord></OAI-PMH>